000 00508nam a22001337a 4500
040 _cRUA
082 _aFOR SOE 1997 B124 Or.1
100 _aSOEUNG, TYPO.
245 _adeforestation in pursat province (ការបំផ្លិចបំផ្លាញព្រៃឈើក្នុងខេត្តពោធិសាត់)
260 _aPhnom Penh
_bRUA
_c1997
300 _a79p.
_bill.
_c29cm.
856 _uhttps://drive.google.com/file/d/1P0Al3CVH4Q2KxEbxH2CNrYZRkjUlMZIB/view?usp=sharing
942 _cFOR
999 _c3109
_d3109